| 000 | 00350nam a22001457a 4500 | ||
|---|---|---|---|
| 005 | 20250915145258.0 | ||
| 008 | 250915b |||||||| |||| 00| 0 eng d | ||
| 020 | _a9964916868 | ||
| 050 |
_aBV825 _b.2 ESS |
||
| 100 | _aESSEL MICHAEL | ||
| 245 | _aAT HIS TABLE | ||
| 260 |
_aACCRA _bGRACE OUTREACH CHURCH _cc1993 |
||
| 300 | _a26p | ||
| 942 |
_2lcc _cBK _n0 |
||
| 999 |
_c7561 _d7561 |
||